Les images de synthèse au cinéma (notice n° 1569786)

détails MARC
000 -LEADER
fixed length control field 01356cam a2200145 4500500
005 - DATE AND TIME OF LATEST TRANSACTION
control field 20251214012118.0
041 ## - LANGUAGE CODE
Language code of text/sound track or separate title fre
042 ## - AUTHENTICATION CODE
Authentication code dc
100 10 - MAIN ENTRY--PERSONAL NAME
Personal name Jullier, Laurent
Relator term author
245 00 - TITLE STATEMENT
Title Les images de synthèse au cinéma
260 ## - PUBLICATION, DISTRIBUTION, ETC.
Name of publisher, distributor, etc. Armand Colin,<br/>
Date of publication, distribution, etc. 2017.<br/>
520 ## - SUMMARY, ETC.
Summary, etc. Les êtres humains, les décors et les objets qui se trouvent pour de bon devant la caméra ne suffisent plus  ! Calculer un extraterrestre ou incruster la tour Eiffel pour faire croire que la scène se passe à Paris : aujourd’hui, tous les genres de films ont recours aux images de synthèse, et le cinéma ne peut plus s’en passer.Quand sont-elles apparues ? Comment les conçoit-on ? Quelles sont les étapes de leur intégration à un film ? Quelles sont les spécificités économiques de leur production ? Ces images nouvelles bouleversent-elles les habitudes des cinéastes et des spectateurs  ? Illustré d’exemples variés et d’entretiens de spécialistes, ce livre propose une synthèse en répondant à toutes les questions que l’on peut se poser sur les évolutions des technologies, des pratiques et des métiers liées à l’apparition des images de synthèse au cinéma.
700 10 - ADDED ENTRY--PERSONAL NAME
Personal name Welker, Cécile
Relator term author
856 41 - ELECTRONIC LOCATION AND ACCESS
Uniform Resource Identifier <a href="https://shs.cairn.info/les-images-de-synthese-au-cinema--9782200617110?lang=fr&redirect-ssocas=7080">https://shs.cairn.info/les-images-de-synthese-au-cinema--9782200617110?lang=fr&redirect-ssocas=7080</a>

Pas d'exemplaire disponible.

PLUDOC

PLUDOC est la plateforme unique et centralisée de gestion des bibliothèques physiques et numériques de Guinée administré par le CEDUST. Elle est la plus grande base de données de ressources documentaires pour les Étudiants, Enseignants chercheurs et Chercheurs de Guinée.

Adresse

627 919 101/664 919 101

25 boulevard du commerce
Kaloum, Conakry, Guinée

Réseaux sociaux

Powered by Netsen Group @ 2025